LEADER 00854nam0-22002891i-450- 001 990003106720403321 010 $a88-230-0041-6 035 $a000310672 035 $aFED01000310672 035 $a(Aleph)000310672FED01 035 $a000310672 100 $a20000920d1990----km-y0itay50------ba 101 0 $aita 102 $aIT 200 1 $a<>intervento pubblico in agricoltura$eProblemi e prospettive di politica agraria nell'attuazione del piano agricolo nazionale$fM. Bagarani...[et al.]. 210 $aRoma$cEdiesse$d1990. 215 $a127 p.$d19 cm 676 $aH/1.14 702 1$aBagarani,$bMassimo 801 0$aIT$bUNINA$gRICA$2UNIMARC 901 $aBK 912 $a990003106720403321 952 $aH/1.14 BAG$b10820$fSES 959 $aSES 996 $aIntervento pubblico in agricoltura$9461714 997 $aUNINA DB $aING01 LEADER 00808nam0-2200277---450- 001 990009720390403321 005 20130422130226.0 035 $a000972039 035 $aFED01000972039 035 $a(Aleph)000972039FED01 035 $a000972039 100 $a20130422d1975----km-y0itay50------ba 101 0 $aeng 102 $aUS 105 $a--------001yy 200 1 $aHuman capital$ea theoretical and empirical analysis, with special reference to education second edition$fby Gary S. Becker 210 $aNew York$cColumbia university$d1975 215 $cxvii, 268 p.$d22 cm 700 1$aBecker,$bGary S.$0118957 801 0$aIT$bUNINA$gRICA$2UNIMARC 901 $aBK 912 $a990009720390403321 952 $aI2.71$b7091$fDECTS 959 $aDECTS 996 $aHuman capital$914917 997 $aUNINA